000 01088cam a2200265 4500
001 5619
005 20181127175905.0
008 040626s2004 ii a 000 0 eng
010 _a 2004327830
_z 2004301604
020 _a9780198069645
041 1 _aeng
_hben
042 _alcode
100 1 _aTagore, Rabindranath,
_d1861-1941.
240 1 0 _aPoems.
_kSelections.
_lEnglish
245 1 0 _aRabindranath Tagore :
_bselected poems /
_cgeneral editor, Sukanta Chaudhuri ; advisory editor, Sankha Ghosh ; introduction by Sankha Ghosh ; notes by Sankha Ghosh and Sukanta Chaudhuri.
246 1 4 _aSelected poems, Rabindranath Tagore
246 1 8 _aTagore, selected poems
260 _aNew Delhi :
_bOxford University Press,
_c2004.
300 _axx, 449 p. :
_bill. (some col.) ;
_c22 cm.
490 1 _aThe Oxford Tagore translations
600 1 0 _aTagore, Rabindranath,
_d1861-1941
_vTranslations into English.
700 1 _aChaudhuri, Sukanta,
_d1950-
700 1 _aGhosha, Sankha.
800 1 _aTagore, Rabindranath,
_d1861-1941.
_tWorks.
_kSelections.
_lEnglish.
_f2000.
_sOxford University Press.
999 _c4737
_d4737